=LDR 00000nam 2200000 4500 =001 000685 =005 20250711023651 =035 ##$$a 0010-0725000553 =007 ta =008 250711################a##########0#ind## =020 ##$$a 978-623-307-599-2 =082 ##$$a 398.209 598 =084 ##$$a 398.209 598 BAR k =100 #$$a Barachina, Agatha =245 1#$$a Kawan Pertama Iko /$c Agatha Barachina =250 ##$$a Cetakan Pertama =260 ##$$a Jakarta :$b Badan Pengembangan dan Pembinaan Bahasa,$c 2022 =300 ##$$a 16 hlm. : $b Ilus. ; $c 22,9 cm =650 #4$$a CERITA ANAK INDONESIA-TERJEMAHAN =650 #4$$a LITERASI-BAHAN BACAAN =990 ##$$a TBM04590459